El mundo de la matemática : (Record no. 6633)

000 -CABECERA
fixed length control field 01175nam a22002297a 4500
003 - IDENTIFICADOR DEL NÚMERO DE CONTROL
control field AR-CdUCM
008 - DATOS DE LONGITUD FIJA--INFORMACIÓN GENERAL
fixed length control field 190318b ||||| |||| 00| 0 sp d
020 ## - NÚMERO INTERNACIONAL ESTÁNDAR DEL LIBRO
ISBN 84-7764-169-2
040 ## - FUENTE DE LA CATALOGACIÓN
Agencia/entidad que catalogó originalmente la obra MUNICIPALIDAD PROVINCIAL DEL CUSCO
Entidad que transcribió la catalogación BIBLIOTECA MUNICIPAL DEL CUSCO
082 ## - NÚMERO DE LA CLASIFICACIÓN DECIMAL DEWEY
No. de Clasificación 510./
Notacion interna OC15
110 ## - ENTRADA PRINCIPAL--NOMBRE DE ENTIDAD CORPORATIVA
Nombre de la institución, jurisdicción como entrada principal Oceano
9 (RLIN) 18116
245 ## - MENCIÓN DE TÍTULO
Título El mundo de la matemática :
Resto del título Curso teórico - practico /
260 ## - PUBLICACIÓN, DISTRIBUCIÓN, ETC.
Lugar de publicación, distribución, etc. España :
Nombre de la editorial, distribuidor, etc. Ediciones Oceano,
300 ## - DESCRIPCIÓN FÍSICA
Nº de Páginas Extensión 4 Volumenes ;
Otros detalles físicos Ilustraciones, diagramas, cuadros,
Dimensiones 27 cm.
505 ## - NOTA DE CONTENIDO CON FORMATO
Nota de contenido formateada Contenido : v.1: Historia de la matemática -- Matemática y computación -- Lenguaje simbólico -- Teoría de conjuntos -- Conjuntos especiales -- v.2: Números racionales -- Números decimales -- Polígono, triangulo -- Paralelogramo -- v.3 Factores mínimo común múltiplo -- Expresiones algebraicas -- Área y superficie -- Poliedros -- v.4: Radicación, raíz enésima de un numero -- Raíz de raíz -- Conjugado de un binomio -- Geometría analítica...
650 ## - PUNTO DE ACCESO ADICIONAL DE MATERIA--TÉRMINO DE MATERIA
Descriptor Matemáticas
9 (RLIN) 9398
650 ## - PUNTO DE ACCESO ADICIONAL DE MATERIA--TÉRMINO DE MATERIA
Descriptor Geometría
9 (RLIN) 18656
650 ## - PUNTO DE ACCESO ADICIONAL DE MATERIA--TÉRMINO DE MATERIA
Descriptor Números complejos
9 (RLIN) 18657
710 ## - PUNTO DE ACCESO ADICIONAL--NOMBRE DE ENTIDAD CORPORATIVA
Nombre corporativo (En letras Mayúsculas) Grupo editorial océano
9 (RLIN) 18658
942 ## - ELEMENTOS DE PUNTO DE ACCESO ADICIONAL (KOHA)
Fuente de clasificación
Tipo de item Libros-BMC
945 ## - PROCESAMIENTO DE INFORMACIÓN LOCAL (OCLC)
Catalogador wnts
Holdings
Estado de retiro (separado) Fuente de clasificación o esquema de estanterías Estado dañado Ubicación Sala donde se ubica Nombre de la colección Fecha de adquisición o compra Costo, precio normal en soles Signatura topográfica Código de Barras Última vez visto (Koha) Tipo de ítem (Koha)
No     Sala Ciencias Sala Ciencias Book Cart 2019-03-18 35.00 510 / OC15 / t.1 SC0000000071 2019-03-18 Libros-BMC
No     Sala Ciencias Sala Ciencias Book Cart 2019-03-18 35.00 510 / OC15 / t.2 SC0000000072 2019-03-18 Libros-BMC
No     Sala Ciencias Sala Ciencias Book Cart 2019-03-18 35.00 510 / OC15 / t.3 SC0000000073 2019-03-18 Libros-BMC
No     Sala Ciencias Sala Ciencias Book Cart 2019-03-18 35.00 510 / OC15 / t.4 SC0000000074 2019-03-18 Libros-BMC

Powered by Koha